| 000 | 00000cam 2200000zi 4500 |
| 001 | 9.955444 |
| 003 | CaOODSP |
| 005 | 20260604065410 |
| 006 | m o d f |
| 007 | cr mn||||||||| |
| 008 | 250917e20250623onc of f000 0 fre d |
| 020 | |a9780660790176 |
| 040 | |aCaOODSP|bfre|erda|cCaOODSP |
| 043 | |an-cn--- |
| 086 | 1 |aBT53-39/2025F-PDF |
| 245 | 00|aGuide de mesures de soutien des cadres. |
| 264 | 1|aOttawa, Ontario : |bSecrétariat du Conseil du trésor du Canada = Treasury Board of Canada Secretariat, |c2025-06-23. |
| 264 | 4|c©2025 |
| 300 | |a1 ressource en ligne (12 pages) |
| 336 | |atexte|btxt|2rdacontent/fre |
| 337 | |ainformatique|bc|2rdamedia/fre |
| 338 | |aressource en ligne|bcr|2rdacarrier/fre |
| 500 | |aTitre de la couverture. |
| 500 | |aPublié aussi en anglais sous le titre : A back pocket guide to executive supports. |
| 520 | |a« Ce guide résume les mesures de soutien à l'échelle de la fonction publique fédérale mises à la disposition des cadres de niveau supérieur afin que vous puissiez bénéficier plus rapidement d'une aide pour relever les défis qui se présentent. De nombreuses formes de soutien sont également offertes pour les postes équivalents à ceux du groupe de la direction; veuillez contacter directement votre fournisseur de services pour obtenir plus d'informations sur les conditions d'admissibilité » -- Page 1. |
| 650 | 6|aHauts fonctionnaires|zCanada|vGuides, manuels, etc. |
| 650 | 6|aHauts fonctionnaires|xServices|zCanada. |
| 655 | 7|aGuides et manuels|2rvmgf |
| 710 | 1 |aCanada. |bConseil du trésor, |eorganisme de publication. |
| 775 | 08|tA back pocket guide to executive supports.|w(CaOODSP)9.955442 |
| 856 | 40|qPDF|s898 Ko|uhttps://publications.gc.ca/collections/collection_2026/sct-tbs/BT53-39-2025-fra.pdf |
| 856 | 4 |qHTML|sS.O.|uhttps://www.canada.ca/fr/gouvernement/fonctionpublique/mieux-etre-inclusion-diversite-fonction-publique/sante-mieux-etre-fonctionnaires/sante-mentale-travail/guide-de-mesures-de-soutien-des-cadres.html |